US Cities With A Native American Name - Statistics

General Stats
  • This quiz has been taken 888 times
    886 since last reset
  • The average score is 10 of 15
Answer Stats
Hint Answer % Correct
IL Chicago
90%
FL Miami
86%
WI Milwaukee
83%
OK Oklahoma City
76%
FL Tampa
74%
OK Tulsa
74%
NE Omaha
73%
MN Minneapolis
71%
AZ Tucson
66%
MO Kansas City
63%
KS Wichita
63%
WA Spokane
58%
WA Tacoma
50%
VA Chesapeake
23%
FL Hialeah
18%
No matching quizzes found
Score Distribution
Percent of People with Each Score
Percentile by Number Answered
Your Score History
You have not taken this quiz since the last reset